Las dos Fridas. (Record no. 110263)
[ view plain ]
| 000 -CABECERA | |
|---|---|
| campo de control de longitud fija | 00944ngm a2200193 a 4500 |
| 005 - FECHA Y HORA DE LA ÚLTIMA TRANSACCIÓN | |
| campo de control | 20210223125623.0 |
| 008 - ELEMENTOS DE LONGITUD FIJA--INFORMACIÓN GENERAL | |
| campo de control de longitud fija | 050418s2003 mx 120 aaspa d |
| 035 ## - NÚMERO DE CONTROL DEL SISTEMA | |
| Número de control de sistema | UPN01000138115 |
| 049 ## - COLECCIÓN | |
| Colección | AV |
| 050 #4 - SIGNATURA TOPOGRÁFICA DE LA BIBLIOTECA DEL CONGRESO | |
| Número de clasificación | DVD ND 7 |
| 245 04 - MENCIÓN DE TÍTULO | |
| Título | Las dos Fridas. |
| 260 ## - PUBLICACIÓN, DISTRIBUCIÓN, ETC. | |
| Lugar de publicación, distribución, etc. | [México] : |
| Nombre del editor, distribuidor, etc. | Once tv : |
| -- | USA video, |
| Fecha de publicación, distribución, etc. | c2003. |
| 300 ## - DESCRIPCIÓN FÍSICA | |
| Extensión | 1 DVD (120 min.) : |
| Otras características físicas | son. col. ; |
| Dimensiones | 4 3/4 plg. |
| 500 ## - NOTA GENERAL | |
| Nota general | "El material incluye: entrevistas" |
| 520 ## - NOTA DE RESUMEN, ETC. | |
| Sumario, etc. | Frida Kalho, mujer herida, dueña de una personalidad única, explosiva y disidente, brilló como la artista mexicana más importante de su época. En éste video se configura un panorama completo de la trayectoria artística y personal de ésta pintora. Para ello se acudió a la memoria de importantes testigos que desentrañan los misterios relacionados con sus enfermedades y sus vicios |
| 600 14 - ASIENTO SECUNDARIO DE MATERIA - NOMBRE PERSONAL | |
| Nombre de persona | KAHLO, FRIDA, |
| Fechas asociadas al nombre | 1910-1954 |
| 9 (RLIN) | 1342 |
| 650 #4 - ASIENTO SECUNDARIO DE MATERIA - TERMINO TEMATICO | |
| Término de materia o nombre geográfico como elemento de entrada | PINTORES - |
| Subdivisión de forma | BIOGRAFIA |
| 9 (RLIN) | 14775 |
| 905 ## - TIPO DE MATERIAL | |
| Tipo de material | Electrónico |
| Estado de retiro | Estado de pérdida | Fuente del sistema de clasificación o colocación | Estado dañado | No para préstamo | Código de colección | Localización permanente | Ubicación/localización actual | Ubicación en estantería | Total de préstamos | Clasificación | Código de barras | Fecha visto por última vez | Número de copia | Tipo de ítem Koha |
|---|---|---|---|---|---|---|---|---|---|---|---|---|---|---|
| Library of Congress Classification | Audiovisuales | Bib. Gregorio Torres Quintero | Bib. Gregorio Torres Quintero | Audiovisual | DVD ND 7 | 227888 | 31/12/2020 | 1 | Formato Digital |
